000
00245nam a2200097Ia 4500
008
230915s9999 xx 000 0 und d
050
_a
TA 330 .D37 2012 V.3
100
_a
DASS H.K.
245
2
_a
A TEXTBOOK ON ENGINEERING MATHEMATIC
942
_c
BK
999
_c
203168
_d
203168